000
00199 a2200097 4500
001
11303
100
_a
Vocke, H.
245
_a
The Lebanese War
260
_a
_b
C. Hurst & Co
_c
090
_c
8854
_d
8854
942
_a
NUST-CAE
_c
M
_c
35660
999
_c
246376
_d
246376